000 00669nam a22001697a 4500
999 _c10784
_d10784
003 FranzMayer
005 20191004132253.0
008 191004b ||||| |||| 00| 0 eng d
040 _cFranz
050 _aLM29
_b.E65 1769
245 _aEpistolae, quae per totum annum leguntur, tam de tempore, quam de Sanctis, ex Missali Romano, Clementis VIII primvm, nunc denuo Vrbani Papae VIII. Auctoritate recognito..
260 _aMatriti :
_bTypis D. Francisci Emmanuelis de Mena Bibliopolae
_c1769
500 _aEstado físico : en mal estado, separado para restauración
500 _aLM-29
650 _aLeccionarios
_xEpístolas
_ySiglo XVIII
_928349
942 _2lcc
_cB